Siege Operators - Statistics

General Stats
  • This quiz has been taken 54 times
  • The average score is 10 of 12
Answer Stats
Picture Answer % Correct
Ace
100%
Blackbeard
98%
Blitz
98%
Lesion
95%
Smoke
95%
Clash
93%
Frost
93%
Aruni
88%
Wamai
79%
Maverick
63%
Sens
60%
Alabi
33%
No matching quizzes found
Score Distribution
Percent of People with Each Score
Percentile by Number Answered
Your Score History
You have not taken this quiz